Channel coding for telecommunications / (Record no. 190910)
[ view plain ]
| 000 -LEADER | |
|---|---|
| fixed length control field | 01060 a2200241 4500 |
| 003 - CONTROL NUMBER IDENTIFIER | |
| control field | Nust |
| 005 - DATE AND TIME OF LATEST TRANSACTION | |
| control field | 20220720135658.0 |
| 020 ## - INTERNATIONAL STANDARD BOOK NUMBER | |
| International Standard Book Number | 0-471-98277-6 ; |
| 040 ## - CATALOGING SOURCE | |
| Transcribing agency | Nust |
| 082 ## - DEWEY DECIMAL CLASSIFICATION NUMBER | |
| Classification number | 003.54,BOS |
| 100 1# - MAIN ENTRY--PERSONAL NAME | |
| Personal name | Bossert, Martin |
| 9 (RLIN) | 94025 |
| 245 10 - TITLE STATEMENT | |
| Title | Channel coding for telecommunications / |
| Statement of responsibility, etc. | Martin Bossert |
| 260 ## - PUBLICATION, DISTRIBUTION, ETC. | |
| Place of publication, distribution, etc. | Chichester : |
| Name of publisher, distributor, etc. | Wiley, |
| Date of publication, distribution, etc. | cop. 1999 |
| 300 ## - PHYSICAL DESCRIPTION | |
| Extent | 496p .: |
| Other physical details | ill. ; |
| Dimensions | 26cm |
| 505 ## - FORMATTED CONTENTS NOTE | |
| Formatted contents note | Fundamentals (Page-1), Galois Fields (Page-25), Reed-Solomon Codes (Page-45), BCH Codes (Page-81), Other Classes of Codes (Page-95), The Trellis Representation and Properties of Block Codes (Page 117), Decoding of Block Codes (Page-143), Convolutional Codes (Page-201), Generalized Code Concatenation (Page-287), Coded Modulation (Page-391). |
| 650 #4 - SUBJECT ADDED ENTRY--TOPICAL TERM | |
| Topical term or geographic name entry element | Coding (Telecommunication engineering) |
| 9 (RLIN) | 94026 |
| 650 #4 - SUBJECT ADDED ENTRY--TOPICAL TERM | |
| Topical term or geographic name entry element | Coding theory |
| 9 (RLIN) | 3106 |
| 650 #4 - SUBJECT ADDED ENTRY--TOPICAL TERM | |
| Topical term or geographic name entry element | Kodning (Teleteknik) |
| 9 (RLIN) | 94027 |
| 650 #4 - SUBJECT ADDED ENTRY--TOPICAL TERM | |
| Topical term or geographic name entry element | Kodningsteori |
| 9 (RLIN) | 93998 |
| 650 #4 - SUBJECT ADDED ENTRY--TOPICAL TERM | |
| Topical term or geographic name entry element | Kodteori |
| General subdivision | till䭰ad matematik |
| 9 (RLIN) | 94028 |
| 650 #4 - SUBJECT ADDED ENTRY--TOPICAL TERM | |
| Topical term or geographic name entry element | Kodteori |
| General subdivision | till䭰ad matematik |
| 9 (RLIN) | 94028 |
| 942 ## - ADDED ENTRY ELEMENTS (KOHA) | |
| Source of classification or shelving scheme | |
| Koha item type | Reference |
| Call number prefix | 003.54,BOS |
| Withdrawn status | Lost status | Source of classification or shelving scheme | Damaged status | Not for loan | Permanent Location | Current Location | Shelving location | Date acquired | Full call number | Barcode | Date last seen | Price effective from | Koha item type | Public note | Total Checkouts | Date last checked out |
|---|---|---|---|---|---|---|---|---|---|---|---|---|---|---|---|---|
| Military College of Signals (MCS) | Military College of Signals (MCS) | Reference | 12/12/2016 | 003.54,BOS | MCS37157 | 12/08/2016 | 12/12/2016 | Reference | Almirah No.17, Shelf No.1 | |||||||
| Military College of Signals (MCS) | Military College of Signals (MCS) | General Stacks | 12/12/2016 | 003.54,BOS | MCS37158 | 09/26/2024 | 12/12/2016 | Book | Almirah No.1, Shelf No.2 | 3 | 05/27/2024 | |||||
| Military College of Signals (MCS) | Military College of Signals (MCS) | General Stacks | 12/12/2016 | 003.54,BOS | MCS37159 | 07/03/2024 | 12/12/2016 | Book | Almirah No.1, Shelf No.2 | 2 | 05/27/2024 | |||||
| Military College of Signals (MCS) | Military College of Signals (MCS) | Reference | 03/28/2025 | 003.54,BOS | MCS30578 | 03/28/2025 | 03/28/2025 | Reference | Almirah No.17, Shelf No.1 |
